[Event "Elit(LASK-Stockholms SS)"]
[Site "?"]
[Date "2023.03.12"]
[Round "9"]
[White "Hauge, Lars Oskar"]
[Black "Tikkanen, Hans"]
[Result "1/2-1/2"]
[WhiteElo "2512"]
[BlackElo "2490"]
[PlyCount "67"]
[SourceVersionDate "2023.03.27"]

1. e4 c6 2. Nf3 d5 3. Nc3 dxe4 4. Nxe4 Nf6 5. Qe2 Nxe4 6. Qxe4 Qd5 7. Qf4 Qf5
8. d3 Qxf4 9. Bxf4 f6 10. d4 Bg4 11. Bc4 Nd7 12. O-O-O Nb6 13. Bb3 a5 14. a3 a4
15. Ba2 Nd5 16. Bd2 b5 17. Rde1 Kd7 18. Ng1 e6 19. Ne2 Bxe2 20. Rxe2 Bd6 21. g3
Rhe8 22. Rhe1 Bf8 23. h4 h5 24. c3 g6 25. Kb1 f5 26. Bf4 Bg7 27. Be5 Bxe5 28.
Rxe5 Kd6 29. Kc1 Re7 30. Kd2 Rg8 31. Ke2 g5 32. hxg5 Rxg5 33. Rh1 Rh7 34. Kf3
1/2-1/2

[Event "Elit(Helsingborg-Farsta)"]
[Site "?"]
[Date "2023.03.12"]
[Round "9"]
[White "Degerman, Lars"]
[Black "Sylvan, Jacob"]
[Result "1/2-1/2"]
[WhiteElo "2432"]
[BlackElo "2314"]
[PlyCount "155"]
[SourceVersionDate "2023.03.26"]

1. c4 Nf6 2. g3 e6 3. Bg2 d5 4. Nf3 dxc4 5. O-O a6 6. Qc2 Nbd7 7. a4 c5 8. a5
Be7 9. Qxc4 b5 10. axb6 Nxb6 11. Qc2 Bb7 12. d3 O-O 13. Bg5 h6 14. Bxf6 Bxf6
15. Nbd2 Rc8 16. Rfc1 Nd5 17. Ne4 Be7 18. Nfd2 Qc7 19. Nb3 Nb4 20. Qc3 Bxe4 21.
Bxe4 Bf6 22. d4 Qd7 23. e3 Nd5 24. Qd2 cxd4 25. Nxd4 Rxc1+ 26. Rxc1 Rc8 27. Ra1
Qb7 28. Ra4 Qb6 29. Bxd5 exd5 30. Qe2 a5 31. Qd2 Rc5 32. Kg2 g6 33. b4 axb4 34.
Rxb4 Qd6 35. Qe2 Rc8 36. Ra4 Qe5 37. Qf3 Qd6 38. Ra7 Rf8 39. Qg4 h5 40. Rd7 Qb6
41. Qf4 Rd8 42. Rxd8+ Bxd8 43. Qe5 h4 44. Qxd5 hxg3 45. hxg3 Bf6 46. Nc6 Kg7
47. e4 Bc3 48. e5 Qc7 49. Qd6 Qb7 50. Kh2 Qb3 51. Qf6+ Kg8 52. Ne7+ Kh7 53. Qf3
Qc4 54. Nd5 Bxe5 55. Qxf7+ Kh6 56. Qf8+ Bg7 57. Qf3 Kh7 58. Kg2 Qc2 59. g4 Qd2
60. Nf4 Qd6 61. Qe4 Be5 62. Nd5 Bg7 63. f4 Qa3 64. f5 Qb2+ 65. Kf3 Qb3+ 66. Ne3
gxf5 67. Qxf5+ Kg8 68. Qc8+ Kh7 69. Qd7 Qc3 70. Qf5+ Kg8 71. Qd5+ Kf8 72. Ke4
Qb4+ 73. Kf3 Qc3 74. Qd6+ Kf7 75. Qf4+ Kg8 76. Qb8+ Kf7 77. Qb7+ Kg8 78. Qd5+
1/2-1/2

[Event "Elit(Limhamn-Vasteras)"]
[Site "?"]
[Date "2023.03.12"]
[Round "9"]
[White "Brynell, Stellan"]
[Black "Carlsson, Ludvig"]
[Result "1/2-1/2"]
[WhiteElo "2393"]
[BlackElo "2349"]
[PlyCount "45"]
[SourceVersionDate "2023.03.26"]

1. d4 e6 2. Nf3 Nf6 3. c4 d5 4. Nc3 Nbd7 5. Bg5 Be7 6. e3 O-O 7. Rc1 dxc4 8.
Bxc4 a6 9. a4 c5 10. O-O Qa5 11. Qe2 cxd4 12. exd4 Nb6 13. Bb3 Qb4 14. Bc2 Bd7
15. Ne5 Rfd8 16. Bxf6 Bxf6 17. Bxh7+ Kxh7 18. Qh5+ Kg8 19. Qxf7+ Kh7 20. Qg6+
Kg8 21. Qf7+ Kh7 22. Qh5+ Kg8 23. Qf7+ 1/2-1/2

[Event "Elit(LASK-Stockholms SS)"]
[Site "?"]
[Date "2023.03.12"]
[Round "9"]
[White "Tari, Aryan"]
[Black "Thorn, Eric"]
[Result "1/2-1/2"]
[WhiteElo "2653"]
[BlackElo "2402"]
[PlyCount "183"]
[SourceVersionDate "2023.03.27"]

1. c4 e6 2. Nc3 d5 3. d4 Nf6 4. cxd5 exd5 5. Bg5 c6 6. e3 Be7 7. Bd3 O-O 8. Nf3
Re8 9. Qc2 h6 10. Bf4 Bd6 11. O-O Bxf4 12. exf4 a5 13. Ne5 Na6 14. Qd2 Nb4 15.
Bb1 Ne4 16. Nxe4 dxe4 17. a3 Nd5 18. Ba2 Be6 19. g3 Nf6 20. Bxe6 Rxe6 21. Nc4
Re7 22. Rfd1 Qd7 23. Qe2 Qh3 24. Ne3 a4 25. Rac1 Rd7 26. Rc5 Rad8 27. Rc4 Ra8
28. Rc5 Rad8 29. Rc4 Ra8 30. Qc2 Ra5 31. Rc5 Ra8 32. Re5 Rd6 33. Rd2 Qd7 34.
Qd1 Rd8 35. Qxa4 Rxd4 36. Rxd4 Qxd4 37. Qxd4 Rxd4 38. b4 Rd3 39. Ra5 g6 40. b5
cxb5 41. Rxb5 Rxa3 42. Rxb7 Ra2 43. h3 h5 44. Rb5 Kf8 45. Kg2 Rd2 46. Re5 Nd7
47. Rg5 Kg7 48. Kf1 f6 49. Ra5 f5 50. Ke1 Rd3 51. Ke2 Kf7 52. Ra7 Ke6 53. Nc4
Rc3 54. Ra6+ Ke7 55. Ne3 Kf7 56. Rd6 Nc5 57. Rc6 Na4 58. Ra6 Nc5 59. Ra7+ Ke6
60. Rg7 Kf6 61. Rc7 Ke6 62. Rc6+ Kf7 63. Nd5 Rc1 64. Rf6+ Kg7 65. Rb6 Nd3 66.
Rb7+ Kf8 67. Ne7 Rc2+ 68. Ke3 Nxf2 69. Nxg6+ Ke8 70. Nh4 Nd1+ 71. Kd4 Rd2+ 72.
Ke5 e3 73. Ke6 e2 74. Nf3 Kd8 75. Rb3 Nf2 76. Kxf5 Nxh3 77. Re3 Ra2 78. Kg6 Ra1
79. Rxe2 Ra3 80. Rh2 Nxf4+ 81. gxf4 Rxf3 82. f5 Ke7 83. Re2+ Kf8 84. Ra2 h4 85.
Kf6 Kg8 86. Ra8+ Kh7 87. Ra7+ Kh6 88. Ra8 Kh5 89. Rh8+ Kg4 90. Kg6 Rxf5 91.
Rxh4+ Kxh4 92. Kxf5 1/2-1/2

[Event "Elit(Helsingborg-Farsta)"]
[Site "?"]
[Date "2023.03.12"]
[Round "9"]
[White "Semcesen, Daniel"]
[Black "Sammalvuo, Tapani"]
[Result "1/2-1/2"]
[WhiteElo "2462"]
[BlackElo "2409"]
[PlyCount "46"]
[SourceVersionDate "2023.03.26"]

1. d4 d5 2. c4 e6 3. Nc3 Be7 4. Nf3 Nf6 5. Bg5 h6 6. Bh4 O-O 7. Qc2 dxc4 8. e3
Nd5 9. Bxe7 Qxe7 10. Bxc4 Nxc3 11. bxc3 c5 12. O-O b6 13. Qe2 Bb7 14. e4 Rd8
15. Rad1 cxd4 16. cxd4 Nd7 17. Ba6 Nf6 18. Bxb7 Qxb7 19. Rfe1 Rac8 20. Ne5 Nd7
21. Nf3 Nf6 22. Ne5 Nd7 23. Nf3 Nf6 1/2-1/2

[Event "Elit(Limhamn-Vasteras)"]
[Site "?"]
[Date "2023.03.12"]
[Round "9"]
[White "Norberg, Johan"]
[Black "Johansson, Linus"]
[Result "1/2-1/2"]
[WhiteElo "2279"]
[BlackElo "2455"]
[PlyCount "83"]
[SourceVersionDate "2023.03.26"]

1. e4 c5 2. Nf3 Nc6 3. d3 g6 4. g3 Bg7 5. Bg2 e5 6. c4 d6 7. Nc3 Nge7 8. O-O
O-O 9. Nd5 Nxd5 10. exd5 Ne7 11. Rb1 Rb8 12. b4 cxb4 13. Rxb4 Bd7 14. d4 exd4
15. Nxd4 Nf5 16. Bb2 Nxd4 17. Bxd4 b6 18. Re1 Re8 19. Rxe8+ Qxe8 20. Bxg7 Kxg7
21. Rb3 Qf8 22. Qd4+ f6 23. h4 h5 24. Bf1 Rb7 25. Re3 Bf5 26. Bd3 Bxd3 27. Qxd3
Re7 28. Re6 Kf7 29. Qd4 Rxe6 30. dxe6+ Ke7 31. Qe4 Qe8 32. a3 f5 33. Qb7+ Kxe6
34. Qxa7 Qh8 35. Qxb6 Qa1+ 36. Kg2 Qxa3 37. Qc6 Qa7 38. Qe8+ Kf6 39. Qf8+ Ke6
40. Qe8+ Kf6 41. Qf8+ Ke6 42. Qe8+ 1/2-1/2

[Event "Elit(Helsingborg-Farsta)"]
[Site "?"]
[Date "2023.03.12"]
[Round "9"]
[White "Livner, Anders"]
[Black "Nilsson Hask, Patrik"]
[Result "1/2-1/2"]
[WhiteElo "2356"]
[BlackElo "2196"]
[PlyCount "208"]
[SourceVersionDate "2023.03.26"]

1. Nf3 f5 2. d3 Nf6 3. e4 d6 4. Nc3 Nc6 5. exf5 Bxf5 6. d4 e5 7. Bb5 exd4 8.
Nxd4 Qe7+ 9. Be3 Bd7 10. Bxc6 bxc6 11. Qf3 d5 12. O-O Qf7 13. Rfe1 Be7 14. h3
O-O 15. Nf5 Bb4 16. Ng3 Qg6 17. Qd1 Bd6 18. Nce2 Ne4 19. Nxe4 Qxe4 20. Ng3 Qg6
21. Qd3 Qxd3 22. cxd3 c5 23. Rac1 Rab8 24. b3 Rb5 25. d4 cxd4 26. Bxd4 g6 27.
Be5 Bc5 28. Re2 c6 29. a4 Ra5 30. Bc7 Bb6 31. Bd6 Rf7 32. Bb4 Ra6 33. Rd2 Bd8
34. Rd3 Be7 35. Bxe7 Rxe7 36. Kf1 Rb6 37. Ne2 Kf7 38. Nd4 Re8 39. Rf3+ Ke7 40.
Rc5 Kd6 41. Ra5 a6 42. Rc3 Re4 43. Nc2 Rf4 44. f3 g5 45. Kf2 h5 46. Ke3 h4 47.
Nd4 Rb4 48. Rd3 Bc8 49. Nc2 Rb7 50. Kd2 Re7 51. Ne3 Rb4 52. Nc2 Rb6 53. Rc3 Ke5
54. Rac5 Bd7 55. Re3+ Kf6 56. Rec3 Re8 57. Nd4 Ke5 58. Nxc6+ Kf4 59. Nd4 Rd6
60. Ne2+ Ke5 61. Re3+ Kf6 62. Rxe8 Bxe8 63. Nd4 Ke5 64. Ke3 Rb6 65. Rc7 Bg6 66.
Rg7 Kf6 67. Ra7 Be8 68. a5 Rd6 69. b4 Bd7 70. Rb7 Ke5 71. Rb8 Kf6 72. Kd3 Ke5
73. Rf8 Rg6 74. Rf7 Rd6 75. Ke3 Bc8 76. Re7+ Kf6 77. Re8 Bd7 78. Rb8 Ke5 79.
Rf8 Rg6 80. Rb8 Rd6 81. Rb7 Bc8 82. Rc7 Bd7 83. Rc1 Rf6 84. Rc5 Rf4 85. Nc2 Bb5
86. Rc7 d4+ 87. Kd2 d3 88. Ne1 Rxb4 89. Nxd3+ Bxd3 90. Kxd3 Rb5 91. Ke3 Rxa5
92. Rg7 Ra3+ 93. Kf2 Kf6 94. Ra7 a5 95. Ra8 Ra2+ 96. Ke3 Rxg2 97. Ra6+ Kg7 98.
Rxa5 Rg3 99. Ke4 Kg6 100. f4 gxf4 101. Kxf4 Rxh3 102. Kg4 Rh1 103. Rg5+ Kf6
104. Rf5+ Kg6 1/2-1/2

[Event "Elit(Limhamn-Vasteras)"]
[Site "?"]
[Date "2023.03.12"]
[Round "9"]
[White "Hector, Jonny"]
[Black "Janse, Love"]
[Result "1-0"]
[WhiteElo "2446"]
[BlackElo "2200"]
[PlyCount "61"]
[SourceVersionDate "2023.03.26"]

1. e4 e6 2. d4 d5 3. Nc3 Bb4 4. e5 c5 5. Bd2 Ne7 6. a3 Bxc3 7. Bxc3 Nbc6 8. Nf3
cxd4 9. Nxd4 O-O 10. f4 f6 11. exf6 gxf6 12. Qg4+ Ng6 13. Nxe6 Qe7 14. f5 Bxe6
15. fxe6 f5 16. Qe2 d4 17. Bd2 Nge5 18. O-O-O b5 19. Qxb5 Rab8 20. Qa4 Qb7 21.
b4 d3 22. Bc3 dxc2 23. Qxc2 Rbc8 24. Kb1 Na5 25. Qd2 Nb3 26. Qg5+ Ng6 27. Rd7
Rc7 28. Qh6 Rxd7 29. exd7 Qe4+ 30. Kb2 Ne5 31. Qxf8+ 1-0

[Event "Elit(LASK-Stockholms SS)"]
[Site "?"]
[Date "2023.03.12"]
[Round "9"]
[White "Kucuksari, Kaan"]
[Black "Ertan, Can"]
[Result "1-0"]
[WhiteElo "2487"]
[BlackElo "2352"]
[PlyCount "61"]
[SourceVersionDate "2023.03.27"]

1. d4 Nf6 2. c4 e6 3. g3 d5 4. Nf3 dxc4 5. Bg2 Bb4+ 6. Bd2 a5 7. Qc2 Bxd2+ 8.
Nbxd2 b5 9. a4 c6 10. b3 cxb3 11. Nxb3 O-O 12. O-O Ba6 13. Nc5 Nbd7 14. Rfd1
Qe7 15. Ne5 Nxe5 16. dxe5 Nd5 17. Nxa6 Rxa6 18. axb5 cxb5 19. Bxd5 exd5 20.
Rxd5 Qb7 21. Qd3 b4 22. Raxa5 Rxa5 23. Rxa5 Rb8 24. Rd5 Qc8 25. Qb3 h5 26. Rd4
Qc5 27. Rf4 Rb7 28. Qf3 Qe7 29. Qxh5 g6 30. Qg4 b3 31. Qc8+ 1-0

[Event "Elit(Helsingborg-Farsta)"]
[Site "?"]
[Date "2023.03.12"]
[Round "9"]
[White "Kristensen, Kaare Hove"]
[Black "Ong, Kezli"]
[Result "1-0"]
[WhiteElo "2218"]
[BlackElo "2299"]
[PlyCount "135"]
[SourceVersionDate "2023.03.26"]

1. e4 e5 2. Nf3 Nc6 3. d4 exd4 4. Nxd4 Nf6 5. Nxc6 bxc6 6. e5 Qe7 7. Qe2 Nd5 8.
c4 Nb6 9. Nc3 Qe6 10. Qe4 g6 11. Bd3 Bg7 12. f4 Ba6 13. c5 d5 14. Qe2 Bxd3 15.
Qxd3 Nd7 16. Be3 O-O 17. O-O f6 18. exf6 Qxf6 19. g3 Rfe8 20. Bf2 Rab8 21. Na4
Rb5 22. Rae1 Rxe1 23. Rxe1 Qf7 24. b3 Nf6 25. Nc3 Rb8 26. h3 Re8 27. Rxe8+ Qxe8
28. Kg2 Nd7 29. g4 a5 30. Qe2 Qf7 31. Qf3 Bxc3 32. Qxc3 Qxf4 33. Bg3 Qe4+ 34.
Kf2 a4 35. Bxc7 a3 36. b4 d4 37. Qxa3 Qc2+ 38. Kf3 Kg7 39. Qb3 Qc1 40. Qd3 Qh1+
41. Kf2 Qd5 42. a4 Nf6 43. a5 Qa2+ 44. Kg1 Qa1+ 45. Qf1 Qc3 46. a6 d3 47. a7 d2
48. a8=Q Qd4+ 49. Kh2 d1=Q 50. Qxd1 Qxd1 51. Qxc6 Qd2+ 52. Qg2 Qxb4 53. Be5
Qxc5 54. Qb2 Kf7 55. Bxf6 Ke6 56. Bh4 Qd6+ 57. Bg3 Qd3 58. Qe5+ Kf7 59. Qf4+
Kg8 60. Bf2 Qc2 61. Qf6 Qc7+ 62. Kg2 Qb7+ 63. Kg3 Qb3+ 64. Kh4 Qd1 65. Qe6+ Kg7
66. Qe7+ Kg8 67. Bg3 Qa4 68. Be5 1-0

[Event "Elit(Limhamn-Vasteras)"]
[Site "?"]
[Date "2023.03.12"]
[Round "9"]
[White "Bergstrom, Peter"]
[Black "Domingo Nunez, Ruben"]
[Result "0-1"]
[WhiteElo "2315"]
[BlackElo "2380"]
[PlyCount "106"]
[EventDate "2023.??.??"]
[SourceVersionDate "2023.03.26"]

1. e4 c5 2. Nf3 e6 3. d4 cxd4 4. Nxd4 Nc6 5. Nc3 Qc7 6. g3 a6 7. Bg2 Nge7 8.
Be3 b5 9. O-O Nxd4 10. Qxd4 Nc6 11. Qb6 Qxb6 12. Bxb6 Ne5 13. Bd4 f6 14. f4 Nc6
15. Bf2 Bb7 16. Rfd1 Na5 17. Ne2 Rc8 18. c3 Nc4 19. b3 Nd6 20. a4 Nxe4 21. axb5
axb5 22. Ra5 f5 23. Bxe4 fxe4 24. Rda1 Bc6 25. Nd4 Kf7 26. Nxc6 Rxc6 27. Bd4
Bc5 28. Bxc5 Rxc5 29. c4 Rhc8 30. Ra7 Ke7 31. Rd1 R8c7 32. Rxc7 Rxc7 33. Rd4
bxc4 34. bxc4 e3 35. Re4 Kd6 36. Kf1 Ra7 37. Ke2 Ra2+ 38. Kxe3 Rxh2 39. Re5 Rc2
40. Kd3 Rg2 41. Rg5 g6 42. Ke4 Ke7 43. c5 Kf6 44. Kf3 Rd2 45. Re5 Rd3+ 46. Kf2
Rc3 47. Kg2 Ke7 48. Kf2 h6 49. Kg2 Kd8 50. Kf2 Kc7 51. g4 Kc6 52. f5 gxf5 53.
gxf5 Rxc5 0-1

[Event "Elit(LASK-Stockholms SS)"]
[Site "?"]
[Date "2023.03.12"]
[Round "9"]
[White "Olund, Joar"]
[Black "Pantzar, Milton"]
[Result "1/2-1/2"]
[WhiteElo "2406"]
[BlackElo "2471"]
[PlyCount "98"]
[SourceVersionDate "2023.03.27"]

1. d4 d5 2. Bf4 Nf6 3. e3 c5 4. c3 Nc6 5. Nd2 Bg4 6. Qb3 Qd7 7. Ngf3 a6 8. h3
Bxf3 9. Nxf3 e6 10. Be2 c4 11. Qc2 Bd6 12. Bxd6 Qxd6 13. Nd2 O-O 14. O-O b5 15.
e4 e5 16. dxe5 Nxe5 17. exd5 Nxd5 18. g3 Qh6 19. Nf3 Rfe8 20. Rad1 Nf6 21. Nxe5
Rxe5 22. Bf3 Rae8 23. Kg2 g6 24. Qd2 Qf8 25. Qd6 R5e6 26. Qxf8+ Kxf8 27. Rd4
Ke7 28. Rfd1 Rc8 29. Bg4 Nxg4 30. Rd7+ Ke8 31. hxg4 Re2 32. R7d2 Rxd2 33. Rxd2
Ke7 34. Kf3 h6 35. Ke4 Ke6 36. Rd5 f6 37. a4 Rb8 38. axb5 Rxb5 39. Rd4 Rxb2 40.
Rxc4 Re2+ 41. Kf3 Rd2 42. Ra4 Rd6 43. Ke4 Kd7 44. c4 Kc7 45. c5 Re6+ 46. Kd5
Re5+ 47. Kd4 Re6 48. Kd5 Re5+ 49. Kd4 Re6 1/2-1/2

[Event "Elit(Kungstornet-Helsingborg)"]
[Site "?"]
[Date "2023.03.11"]
[Round "8"]
[White "Nilsson Hask, Patrik"]
[Black "von Bahr, Oskar"]
[Result "0-1"]
[WhiteElo "2196"]
[BlackElo "2384"]
[PlyCount "82"]
[SourceVersionDate "2023.03.23"]

1. d4 Nf6 2. Bf4 g6 3. Nc3 d5 4. e3 Bg7 5. h4 h5 6. Nf3 Bg4 7. Qd2 Bxf3 8. gxf3
c6 9. e4 e6 10. O-O-O Nbd7 11. Kb1 a6 12. Bg5 Qc7 13. Bf4 Qc8 14. Bg5 Qc7 15.
Bf4 Qc8 16. Bd6 Bf8 17. Bxf8 Rxf8 18. Bh3 Qc7 19. Rhe1 O-O-O 20. Qg5 Kb8 21.
Re3 Nh7 22. Qh6 Rh8 23. Na4 Qh2 24. Rb3 Qxh3 25. Qf4+ e5 26. dxe5 Qe6 27. exd5
cxd5 28. Qb4 b5 29. Nc3 Rc8 30. Nxb5 axb5 31. Qxb5+ Nb6 32. Qxb6+ Qxb6 33.
Rxb6+ Kc7 34. Ra6 Ra8 35. Rxa8 Rxa8 36. Rxd5 Ra4 37. b3 Rxh4 38. a4 Rf4 39. Rb5
h4 40. Rd5 h3 41. Rd1 Ng5 0-1

[Event "Elit(Stockholms SS-Rockaden, Stockholm)"]
[Site "?"]
[Date "2023.03.11"]
[Round "8"]
[White "Barkhagen, Jonas"]
[Black "Tuomainen, Felix"]
[Result "1-0"]
[WhiteElo "2423"]
[BlackElo "2232"]
[PlyCount "113"]
[SourceVersionDate "2023.03.26"]

1. d4 Nf6 2. c4 c5 3. d5 b5 4. cxb5 a6 5. bxa6 g6 6. Nc3 Bg7 7. Nf3 O-O 8. e4
Qa5 9. Nd2 Bxa6 10. Be2 Bxe2 11. Qxe2 Qa6 12. Nc4 d6 13. a4 Nbd7 14. Nb5 Qb7
15. Ra2 Nb6 16. b3 Ne8 17. Bd2 Nc7 18. Na5 Qc8 19. Nc6 Qd7 20. Nxc7 Qxc7 21. a5
Nc8 22. O-O Na7 23. Nxa7 Qxa7 24. Rb1 e6 25. Qc4 exd5 26. Qxd5 Qa6 27. Qc4 Bd4
28. Qxa6 Rxa6 29. b4 cxb4 30. Rxb4 Bc5 31. Rc4 Rb8 32. Kf1 Rb1+ 33. Ke2 f6 34.
Rc1 Rb3 35. Rcc2 Kf7 36. Rcb2 Rxb2 37. Rxb2 Ke6 38. Rb5 Ra7 39. f3 f5 40. Kd3
fxe4+ 41. fxe4 Kd7 42. Be3 Bxe3 43. Kxe3 Kc6 44. Rd5 Ra8 45. h4 Ra7 46. g4 h6
47. h5 g5 48. Rf5 Ra8 49. Kd4 Ra7 50. Kc4 Re7 51. e5 dxe5 52. Rf6+ Kb7 53. Rxh6
e4 54. Rb6+ Ka7 55. Rb2 Ka6 56. Re2 Kxa5 57. Kd4 1-0

[Event "Elit(Kungstornet-Helsingborg)"]
[Site "?"]
[Date "2023.03.11"]
[Round "8"]
[White "Aronsson, Marten"]
[Black "Olsson, Fredric"]
[Result "1-0"]
[WhiteElo "2221"]
[BlackElo "2050"]
[PlyCount "83"]
[SourceVersionDate "2023.03.23"]

1. d4 Nf6 2. Nf3 g6 3. g3 Bg7 4. Bg2 O-O 5. O-O d6 6. Re1 Nc6 7. d5 Ne5 8. Nxe5
dxe5 9. Nc3 Ne8 10. e4 a6 11. a4 h6 12. Be3 Qd6 13. Qd2 Kh7 14. a5 f5 15. Ne2
Nf6 16. f3 fxe4 17. fxe4 Ng4 18. c4 Nxe3 19. Qxe3 Qb4 20. Qc3 Qc5+ 21. Kh1 Bg4
22. b4 Qf2 23. Ng1 c5 24. bxc5 Qxc5 25. Rab1 Rf2 26. h3 Bc8 27. Re2 Rxe2 28.
Nxe2 h5 29. Nc1 Bd7 30. Rxb7 Qc8 31. Qb4 h4 32. g4 Bf6 33. Nd3 Bxg4 34. Nf2 Be2
35. c5 Bg5 36. c6 Qf8 37. Qe1 Bb5 38. Ng4 Qf4 39. Qc3 Bf1 40. Qf3 Bb5 41. Qxf4
exf4 42. Bf3 1-0

[Event "Elit(Stockholms SS-Rockaden, Stockholm)"]
[Site "?"]
[Date "2023.03.11"]
[Round "8"]
[White "Ertan, Can"]
[Black "Sorensen, Hampus"]
[Result "1/2-1/2"]
[WhiteElo "2352"]
[BlackElo "2439"]
[PlyCount "95"]
[SourceVersionDate "2023.03.26"]

1. e4 c5 2. Nf3 d6 3. d4 cxd4 4. Nxd4 Nf6 5. Nc3 Nc6 6. Bg5 e6 7. Qd2 a6 8.
O-O-O Bd7 9. f4 Be7 10. f5 Nxd4 11. Qxd4 exf5 12. Bc4 O-O 13. Rhe1 Nxe4 14.
Bxe7 Qxe7 15. Nxe4 fxe4 16. Rxe4 Qg5+ 17. Qd2 Qxd2+ 18. Rxd2 Bc6 19. Bd5 Rfd8
20. Re7 Bxd5 21. Rxd5 Rab8 22. Rc7 Kf8 23. Rd3 Rdc8 24. Rd7 Rd8 25. R3xd6 Rxd7
26. Rxd7 g6 27. g4 h6 28. c3 Kg7 29. a4 Kf6 30. h3 Ke6 31. Rd4 Rc8 32. Rb4 Rc7
33. Kd2 Kf6 34. h4 Ke5 35. Ke3 f5 36. Rb6 Rg7 37. Kf3 fxg4+ 38. Kxg4 Kd5 39.
Kf3 Ke5 40. h5 gxh5 41. Rxh6 Re7 42. Kg3 Kd5 43. Rb6 Rh7 44. Kh4 Kc5 45. a5 Kc4
46. Rb4+ Kc5 47. Rb6 Kc4 48. Rb4+ 1/2-1/2

[Event "Elit(Kungstornet-Helsingborg)"]
[Site "?"]
[Date "2023.03.11"]
[Round "8"]
[White "Rothman, Peter"]
[Black "Henriksson, Johan"]
[Result "0-1"]
[WhiteElo "2123"]
[BlackElo "2267"]
[PlyCount "68"]
[EventDate "2023.??.??"]
[SourceVersionDate "2023.03.23"]

1. d4 d5 2. c4 dxc4 3. e3 Nf6 4. Bxc4 e6 5. Nf3 c5 6. O-O Nc6 7. Nc3 a6 8. a3
b5 9. Ba2 Bb7 10. Qe2 cxd4 11. Rd1 d3 12. Rxd3 Qc7 13. e4 Be7 14. Bg5 O-O 15.
Rc1 Rfd8 16. Rxd8+ Rxd8 17. h3 h6 18. Be3 Qb8 19. Bb1 Nd7 20. Nd2 Nf8 21. f4
Rc8 22. Qf2 Na5 23. b4 Nc4 24. Nxc4 Rxc4 25. Bd3 Rc6 26. Ne2 Rxc1+ 27. Nxc1 Qd8
28. Qc2 g6 29. g3 f5 30. Ne2 Bf6 31. Kf2 Qa8 32. exf5 Bh1 33. fxe6 Qf3+ 34. Ke1
Qxe3 0-1

[Event "Elit(Stockholms SS-Rockaden, Stockholm)"]
[Site "?"]
[Date "2023.03.11"]
[Round "8"]
[White "Trost, Edvin"]
[Black "Darnell, Anton"]
[Result "1-0"]
[WhiteElo "2369"]
[BlackElo "2026"]
[PlyCount "127"]
[SourceVersionDate "2023.03.26"]

1. Nf3 d5 2. g3 Nf6 3. Bg2 e6 4. O-O Be7 5. d4 O-O 6. c4 dxc4 7. Qc2 a6 8. a4
Bd7 9. Rd1 Bc6 10. Bg5 Nbd7 11. Nbd2 h6 12. Bxf6 Nxf6 13. Nxc4 a5 14. Rac1 Be4
15. Qb3 Qd5 16. Qe3 Bb4 17. Ncd2 Bxd2 18. Qxd2 c6 19. Ne1 Bxg2 20. Nxg2 Qb3 21.
Ra1 Rfd8 22. Ne3 Nd5 23. Qc2 Qxc2 24. Nxc2 Rd7 25. e3 Rad8 26. Rd3 Nb6 27. Rb3
Nc4 28. Rc3 Nd2 29. Na3 e5 30. Rc2 Nb3 31. Rd1 exd4 32. Rd3 Na1 33. Rcd2 Rd5
34. exd4 c5 35. Rd1 c4 36. Nxc4 Nc2 37. Kg2 Nb4 38. Rb3 Rxd4 39. Rxd4 Rxd4 40.
Nxa5 b6 41. Nb7 Nd3 42. a5 bxa5 43. Nxa5 Rd5 44. Nc6 Rd6 45. Ne7+ Kh7 46. Nf5
Rf6 47. Rxd3 Rxf5 48. b4 Rb5 49. Rd4 Kg6 50. Kf3 Kf6 51. Ke3 Rb7 52. Kd3 Ke6
53. Kc4 Rc7+ 54. Kb3 Rb7 55. Rd2 g5 56. Kc4 h5 57. Kc5 f5 58. b5 f4 59. gxf4 g4
60. Kc6 Rf7 61. Rd4 h4 62. b6 Rg7 63. b7 Rg8 64. Kc7 1-0

[Event "Elit(Kungstornet-Helsingborg)"]
[Site "?"]
[Date "2023.03.11"]
[Round "8"]
[White "Larsson, Anders"]
[Black "Derdic, Valentin"]
[Result "1/2-1/2"]
[WhiteElo "2221"]
[BlackElo "1875"]
[PlyCount "50"]
[EventDate "2023.??.??"]
[SourceVersionDate "2023.03.23"]

1. Nf3 d5 2. e3 Nf6 3. c4 e6 4. b3 Be7 5. Be2 O-O 6. O-O b6 7. Bb2 Bb7 8. d3 c5
9. Nbd2 Nc6 10. cxd5 Nxd5 11. a3 Bf6 12. Qc2 Bxb2 13. Qxb2 Qf6 14. Qxf6 Nxf6
15. Rfc1 Rfd8 16. Bf1 Rac8 17. Rab1 Nd5 18. Ne4 e5 19. Nc3 Ba6 20. Nd2 Nxc3 21.
Rxc3 Ne7 22. Nf3 f6 23. Rbc1 Nd5 24. R3c2 Ne7 25. Rc3 Nd5 1/2-1/2

[Event "Elit(Stockholms SS-Rockaden, Stockholm)"]
[Site "?"]
[Date "2023.03.11"]
[Round "8"]
[White "Cederstam, Carl"]
[Black "Wiedenkeller, Michael"]
[Result "0-1"]
[WhiteElo "2271"]
[BlackElo "2436"]
[PlyCount "160"]
[SourceVersionDate "2023.03.26"]

1. e4 e5 2. Nf3 Nc6 3. d4 exd4 4. Bc4 Nf6 5. e5 d5 6. Bb5 Ne4 7. Nxd4 Bd7 8.
Bxc6 bxc6 9. O-O Bc5 10. f3 Ng5 11. Be3 Bb6 12. f4 Ne4 13. Nd2 Nxd2 14. Qxd2 c5
15. Nf3 Bf5 16. Bf2 O-O 17. b3 h6 18. Qe2 d4 19. Nh4 Bc8 20. Rad1 a5 21. c4 a4
22. Rd3 axb3 23. axb3 f5 24. Ng6 Re8 25. Bh4 Qd7 26. Rg3 Qf7 27. Ne7+ Rxe7 28.
Bxe7 Qxe7 29. Qh5 Kf8 30. e6 Qxe6 31. h3 Bd7 32. Rg6 Be8 33. Rxe6 Bxh5 34. Re5
Bg6 35. g4 fxg4 36. f5 Bf7 37. hxg4 Rd8 38. Ra1 d3 39. Kf2 Ba5 40. Rxa5 d2 41.
Ra1 d1=Q 42. Rxd1 Rxd1 43. Rxc5 Rd7 44. Ke3 Ke7 45. Rc6 Kd8 46. Ra6 Ke7 47. Rc6
Be8 48. Re6+ Kf7 49. Ra6 c6 50. Rb6 c5 51. Kf4 Rd4+ 52. Kg3 Ke7 53. Re6+ Kf7
54. Re5 Rd3+ 55. Kf4 Rxb3 56. Rxc5 Rb6 57. g5 hxg5+ 58. Kxg5 Rc6 59. Ra5 Rxc4
60. Ra7+ Kf8 61. Rb7 Rc6 62. Ra7 Rd6 63. Rb7 Bd7 64. Kf4 Ke7 65. Kg5 Kf7 66.
Ra7 Rd5 67. Kh4 Kf6 68. Rb7 Rd4+ 69. Kg3 Bxf5 70. Rb6+ Kg5 71. Kf3 Rd3+ 72. Ke2
Ra3 73. Rb7 g6 74. Kf2 Kf4 75. Rb4+ Be4 76. Rb8 Ra2+ 77. Kf1 g5 78. Rf8+ Kg3
79. Rf2 Rxf2+ 80. Kg1 Rg2+ 0-1

[Event "Elit(Wasa-Eksjo)"]
[Site "?"]
[Date "2023.03.11"]
[Round "8"]
[White "Gdanski, Jacek"]
[Black "Amin, Bassem"]
[Result "0-1"]
[WhiteElo "2490"]
[BlackElo "2684"]
[PlyCount "68"]
[SourceVersionDate "2023.03.22"]

1. e4 e5 2. Nf3 Nc6 3. Bb5 a6 4. Bxc6 dxc6 5. O-O Qf6 6. d4 exd4 7. Bg5 Qd6 8.
e5 Qg6 9. Qxd4 Be7 10. Bxe7 Nxe7 11. c4 Bh3 12. Ne1 Rd8 13. Qc3 Bg4 14. f3 Bf5
15. Nd2 c5 16. Rf2 O-O 17. Nf1 Rd4 18. b3 Rfd8 19. g4 h5 20. h3 hxg4 21. hxg4
Nc6 22. Ng2 Bd3 23. Re1 Re8 24. Re3 Bxf1 25. Rxf1 Rxe5 26. Rfe1 f6 27. Rxe5
Nxe5 28. Re3 Qb1+ 29. Kh2 Qxa2 30. Kg3 Rd2 31. Nf4 Rd1 32. Re2 Rg1+ 33. Kf2 Qb1
34. Ke3 Nxg4+ 0-1

[Event "Elit(Vasteras-LASK)"]
[Site "?"]
[Date "2023.03.11"]
[Round "8"]
[White "Kucuksari, Kaan"]
[Black "Carlsson, Ludvig"]
[Result "1/2-1/2"]
[WhiteElo "2487"]
[BlackElo "2349"]
[PlyCount "111"]
[SourceVersionDate "2023.03.23"]

1. d4 e6 2. Nf3 c5 3. e3 Nf6 4. Bd3 Nc6 5. O-O d5 6. c3 Bd6 7. Nbd2 O-O 8. dxc5
Bxc5 9. e4 Qc7 10. Qe2 h6 11. e5 Ng4 12. Nb3 Bb6 13. Nbd4 Ncxe5 14. Nxe5 Nxe5
15. Bf4 f6 16. Rae1 Qf7 17. Bxe5 fxe5 18. Qxe5 Bd7 19. f4 Qf6 20. g3 Rac8 21.
Kg2 Qxe5 22. Rxe5 Bxd4 23. cxd4 Rc6 24. Kf3 Rb6 25. Rf2 Rc8 26. Ke3 Rc1 27. b3
Re1+ 28. Re2 Rxe2+ 29. Bxe2 Kf7 30. Kd2 a5 31. Re3 Rb4 32. Kc3 Rb6 33. Kd2 Rb4
34. Kc3 Rb6 35. h4 Ke7 36. h5 Rc6+ 37. Kd2 Rc8 38. g4 Rf8 39. Rf3 b5 40. Rf1 b4
41. Bd3 Kd6 42. Ke3 Rc8 43. Kd2 Rc3 44. Rc1 Rxc1 45. Kxc1 Ke7 46. Kd2 Kf6 47.
Bg6 Bb5 48. Ke3 Ba6 49. Be8 Bf1 50. Bg6 Bb5 51. Kf2 Ba6 52. Ke3 Bb5 53. Kf2 Ba6
54. Ke3 Bb5 55. Kf2 Ba6 56. Ke3 1/2-1/2

[Event "Elit(Farsta-Limhamn)"]
[Site "?"]
[Date "2023.03.11"]
[Round "8"]
[White "Johansson, Linus"]
[Black "Sammalvuo, Tapani"]
[Result "1-0"]
[WhiteElo "2455"]
[BlackElo "2409"]
[PlyCount "69"]
[SourceVersionDate "2023.03.26"]

1. d4 d5 2. c4 e6 3. Nf3 Nf6 4. Nc3 Be7 5. Bf4 O-O 6. e3 c5 7. dxc5 Bxc5 8. Qc2
Nc6 9. a3 Qa5 10. Rd1 Be7 11. Be2 Ne4 12. cxd5 Nxc3 13. bxc3 exd5 14. O-O Be6
15. a4 Bf6 16. Nd4 Nxd4 17. cxd4 Rfc8 18. Qb3 b6 19. Qb5 Qc3 20. Ra1 Qc2 21.
Bf3 Rc3 22. Rfb1 Rac8 23. h3 Bh4 24. Rb2 Qg6 25. a5 Rc2 26. Rxc2 Qxc2 27. g3
Bf6 28. axb6 axb6 29. Bxd5 Bxh3 30. Bxf7+ Kh8 31. Bd5 g5 32. Qxb6 Rf8 33. Ra8
Bc8 34. Bd6 Qb1+ 35. Qxb1 1-0